Ethics from a christian perspective (Record no. 9542)
[ view plain ]
| 000 -LEADER | |
|---|---|
| fixed length control field | 00579nam a22002057a 4500 |
| 005 - DATE AND TIME OF LATEST TRANSACTION | |
| control field | 20170822175110.0 |
| 008 - FIXED-LENGTH DATA ELEMENTS--GENERAL INFORMATION | |
| fixed length control field | 140527b xxu||||| |||| 00| 0 eng d |
| 040 ## - CATALOGING SOURCE | |
| Original cataloging agency | BSU |
| Modifying agency | BSU |
| 082 ## - DEWEY DECIMAL CLASSIFICATION NUMBER | |
| Edition number | 22 |
| Classification number | 291.05 UCU |
| 100 ## - MAIN ENTRY--PERSONAL NAME | |
| Personal name | Uganda Christian University |
| 9 (RLIN) | 106 |
| 245 ## - TITLE STATEMENT | |
| Title | Ethics from a christian perspective |
| 250 ## - EDITION STATEMENT | |
| Edition statement | 2004/5 ed. |
| 260 ## - PUBLICATION, DISTRIBUTION, ETC. (IMPRINT) | |
| Place of publication, distribution, etc | Uganda |
| Name of publisher, distributor, etc | church of Uganda extension ministries |
| Date of publication, distribution, etc | C2004 |
| 300 ## - PHYSICAL DESCRIPTION | |
| Extent | 120p |
| Other physical details | ill; |
| Dimensions | 29.5cm |
| 500 ## - GENERAL NOTE | |
| General note | includes bibliography |
| 521 ## - TARGET AUDIENCE NOTE | |
| Target audience note | students |
| 650 ## - SUBJECT ADDED ENTRY--TOPICAL TERM | |
| Source of heading or term | ethics |
| 658 ## - INDEX TERM--CURRICULUM OBJECTIVE | |
| Main curriculum objective | ethics |
| Subordinate curriculum objective | christian perspective |
| 942 ## - ADDED ENTRY ELEMENTS (KOHA) | |
| Source of classification or shelving scheme | Dewey Decimal Classification |
| Item type | Books |
| Withdrawn status | Lost status | Source of classification or shelving scheme | Damaged status | Not for loan | Home library | Current library | Date acquired | Inventory number | Full call number | Barcode | Date last seen | Copy number | Price effective from | Koha item type |
|---|---|---|---|---|---|---|---|---|---|---|---|---|---|---|
| Dewey Decimal Classification | Main Library | Faculty of Nursing & Health Sciences Library | 27/05/2005 | 5072 | 291.05 UCU | bsu24081302 | 27/05/2014 | 001 | 27/05/2014 | Books | ||||
| Dewey Decimal Classification | Main Library | Faculty of Nursing & Health Sciences Library | 27/05/2005 | 5063 | 291.05 UCU | bsu24081303 | 27/05/2014 | 002 | 27/05/2014 | Books | ||||
| Dewey Decimal Classification | Main Library | Faculty of Nursing & Health Sciences Library | 27/05/2005 | 1626 | 291.05 UCU | bsu24081304 | 27/05/2014 | 003 | 27/05/2014 | Books | ||||
| Dewey Decimal Classification | Main Library | Faculty of Nursing & Health Sciences Library | 27/05/2005 | 1622 | 291.05 UCU | bsu24081305 | 27/05/2014 | 004 | 27/05/2014 | Books |